[Event "Sparkassen-Open A"]
[Site "Heusenstamm, Martinsee"]
[Date "2021.11.19"]
[Round "2.6"]
[White "Bethke, Richard"]
[Black "Swoboda, Philipp"]
[Result "1-0"]
[WhiteElo "2330"]
[BlackElo "1976"]
[PlyCount "77"]
[EventDate "2021.??.??"]
[WhiteTeam "SF Neuberg"]
[BlackTeam "SV Frankfurt Nord"]

{[%evp 0,12,17,21,21,13,13,11,17,15,15,15,7,5,42]} 1. e4 {[%emt 0:00:08]} e5 {
[%emt 0:01:11]} 2. Bc4 {[%emt 0:00:10]} Nf6 {[%emt 0:00:23]} 3. d3 {[%emt 0:00:
10]} Bc5 {[%emt 0:01:18]} 4. Nf3 {[%emt 0:00:08]} Nc6 {[%emt 0:00:03]} 5. O-O {
[%emt 0:00:26]} d6 6. c3 {[%emt 0:00:10]} h6 {[%emt 0:01:03]} 7. Re1 {[%emt 0:
02:02]} O-O {[%emt 0:00:59]} 8. b4 {[%emt 0:00:36]} Bb6 9. a4 {[%emt 0:00:08]}
a5 {[%emt 0:00:05]} 10. b5 {[%emt 0:00:57]} Ne7 {[%emt 0:00:03]} 11. h3 {
[%emt 0:01:34]} Ng6 {[%emt 0:06:18]} 12. Nbd2 {[%emt 0:10:31]} Re8 {[%emt 0:03:
59]} 13. Bb3 {[%emt 0:05:06]} c6 {[%emt 0:09:38]} 14. d4 {[%emt 0:04:30]} Be6 {
[%emt 0:06:28]} 15. Bc2 {[%emt 0:05:34]} cxb5 {[%emt 0:11:18]} 16. axb5 {
[%emt 0:00:55]} Qc7 {[%emt 0:02:49]} 17. Ra3 {[%emt 0:03:14]} Rec8 {[%emt 0:06:
06]} 18. Bb1 {[%emt 0:04:47]} Qd7 {[%emt 0:06:28]} 19. Nf1 {[%emt 0:03:37]} Bc4
{[%emt 0:03:09]} 20. Ne3 {[%emt 0:06:32]} Bxb5 {[%emt 0:02:24]} 21. Nf5 {
[%emt 0:01:16]} Kh7 {[%emt 0:05:56]} 22. Qd2 {[%emt 0:08:54]} a4 {[%emt 0:07:
26]} 23. Nxh6 {[%emt 0:04:29]} gxh6 {[%emt 0:00:14]} 24. Qxh6+ {[%emt 0:00:04]}
Kg8 {[%emt 0:00:37]} 25. dxe5 {[%emt 0:00:27]} Nh7 {[%emt 0:05:00]} 26. c4 {
[%emt 0:11:11]} Bxc4 {[%emt 0:03:52]} 27. Ng5 {[%emt 0:05:14]} Nhf8 {[%emt 0:
02:03]} 28. h4 {[%emt 0:17:12]} Qg4 {[%emt 0:10:01]} 29. h5 {[%emt 0:03:10]}
Nh4 {[%emt 0:01:55]} 30. g3 {[%emt 0:00:11]} Ba5 {[%emt 0:01:34]} 31. Ree3 {
[%emt 0:02:21]} Qd1+ {[%emt 0:01:06]} 32. Kh2 {[%emt 0:00:39]} Qf1 {[%emt 0:00:
22]} 33. gxh4 Qxf2+ {[%emt 0:00:13]} 34. Kh1 {[%emt 0:00:26]} Bf1 {[%emt 0:01:
00]} 35. Rg3 {[%emt 0:00:22]} Bg2+ {[%emt 0:00:23]} 36. Rxg2 {[%emt 0:00:20]}
Rxc1+ {[%emt 0:00:13]} 37. Kh2 Qf4+ {[%emt 0:00:37]} 38. Rag3 {[%emt 0:00:12]}
Qxh4+ {[%emt 0:01:06]} 39. Nh3+ {[%emt 0:00:11]} 1-0

[Event "Sparkassen-Open A"]
[Site "Heusenstamm, Martinsee"]
[Date "2021.11.19"]
[Round "2.7"]
[White "Blübaum, Johanna"]
[Black "Podat, Vladimir"]
[Result "0-1"]
[WhiteElo "2046"]
[BlackElo "2311"]
[PlyCount "104"]
[EventDate "2021.??.??"]
[WhiteTeam "SK Marburg"]
[BlackTeam "SC Untergrombach"]

{[%evp 0,11,17,17,17,6,33,33,55,53,50,54,54,45]} 1. d4 Nf6 {[%emt 0:00:09]} 2.
c4 {[%emt 0:00:04]} g6 {[%emt 0:00:13]} 3. Nc3 {[%emt 0:00:09]} d5 {[%emt 0:00:
43]} 4. cxd5 Nxd5 5. e4 {[%emt 0:00:06]} Nxc3 {[%emt 0:00:12]} 6. bxc3 {
[%emt 0:00:03]} Bg7 7. Nf3 {[%emt 0:00:24]} c5 {[%emt 0:00:23]} 8. h3 {[%emt 0:
00:47]} O-O {[%emt 0:00:24]} 9. Be3 {[%emt 0:01:39]} Qa5 {[%emt 0:04:47]} 10.
Bd2 {[%emt 0:01:32]} Qa3 {[%emt 0:04:55]} 11. Be2 {[%emt 0:13:49]} b6 {[%emt 0:
00:53]} 12. O-O {[%emt 0:16:15]} Bb7 {[%emt 0:07:15]} 13. Qc2 {[%emt 0:06:05]}
cxd4 {[%emt 0:03:36]} 14. cxd4 {[%emt 0:00:48]} Rc8 {[%emt 0:00:38]} 15. Qd3 {
[%emt 0:02:34]} Qxd3 {[%emt 0:17:07]} 16. Bxd3 {[%emt 0:00:40]} e6 {[%emt 0:00:
04]} 17. Rac1 {[%emt 0:03:01]} Nc6 {[%emt 0:02:48]} 18. Be3 {[%emt 0:02:17]}
Nb4 {[%emt 0:09:32]} 19. Bb1 {[%emt 0:01:24]} Ba6 {[%emt 0:01:16]} 20. Rxc8+ {
[%emt 0:06:41]} Rxc8 {[%emt 0:00:06]} 21. Rc1 {[%emt 0:00:37]} Rxc1+ {[%emt 0:
01:39]} 22. Bxc1 {[%emt 0:00:35]} Bc4 {[%emt 0:01:35]} 23. a3 {[%emt 0:01:02]}
Bd3 {[%emt 0:12:42]} 24. Bxd3 {[%emt 0:05:39]} Nxd3 {[%emt 0:00:13]} 25. Bd2 {
[%emt 0:00:56]} b5 {[%emt 0:07:19]} 26. Kf1 {[%emt 0:00:35]} Nb2 {[%emt 0:00:
06]} 27. Bb4 {[%emt 0:06:13]} Nc4 {[%emt 0:00:34]} 28. d5 {[%emt 0:07:13]} a5 {
[%emt 0:00:54]} 29. Be7 {[%emt 0:00:42]} exd5 {[%emt 0:01:15]} 30. exd5 Bf8 {
[%emt 0:00:03]} 31. Bxf8 {[%emt 0:04:06]} Kxf8 {[%emt 0:00:40]} 32. Nd4 {
[%emt 0:00:58]} Nxa3 {[%emt 0:00:35]} 33. Ke2 {[%emt 0:01:02]} Ke7 {[%emt 0:02:
30]} 34. Nc6+ {[%emt 0:01:01]} Kd6 {[%emt 0:00:15]} 35. Nxa5 {[%emt 0:00:14]}
Kxd5 {[%emt 0:00:11]} 36. Kd3 {[%emt 0:00:32]} Nc4 {[%emt 0:01:03]} 37. Nb7 {
[%emt 0:00:52]} b4 {[%emt 0:05:12]} 38. Nd8 {[%emt 0:00:52]} f6 {[%emt 0:00:26]
} 39. Kc2 {[%emt 0:01:19]} Na5 {[%emt 0:02:45]} 40. Nf7 {[%emt 0:00:27]} Kd4 {
[%emt 0:03:00]} 41. Nh6 {[%emt 0:03:28]} f5 {[%emt 0:14:21]} 42. Nf7 {[%emt 0:
01:57]} b3+ {[%emt 0:00:23]} 43. Kb2 {[%emt 0:01:37]} Kd3 {[%emt 0:00:05]} 44.
g4 {[%emt 0:06:29]} Ke2 {[%emt 0:04:14]} 45. gxf5 {[%emt 0:05:23]} gxf5 {
[%emt 0:00:08]} 46. Nh6 {[%emt 0:01:01]} f4 {[%emt 0:00:45]} 47. Ng4 {[%emt 0:
00:33]} h5 {[%emt 0:00:39]} 48. Nf6 {[%emt 0:01:21]} Kxf2 {[%emt 0:00:29]} 49.
Nxh5 {[%emt 0:00:15]} f3 {[%emt 0:00:11]} 50. h4 {[%emt 0:03:36]} Kg2 {[%emt 0:
00:40]} 51. Nf4+ {[%emt 0:00:33]} Kg3 {[%emt 0:00:35]} 52. h5 {[%emt 0:00:03]}
f2 {[%emt 0:00:42]} 0-1

[Event "Sparkassen-Open A"]
[Site "Heusenstamm, Martinsee"]
[Date "2021.11.19"]
[Round "2.8"]
[White "Karsay, Pascal"]
[Black "Minor, Viatcheslav"]
[Result "1-0"]
[WhiteElo "2309"]
[BlackElo "2041"]
[PlyCount "61"]
[EventDate "2021.??.??"]
[WhiteTeam "SV Worms 1878"]
[BlackTeam "SV Eisenach"]

{[%evp 0,38,17,17,17,17,97,71,85,82,76,54,83,66,59,23,86,24,98,90,75,75,74,76,
67,68,102,81,89,67,82,23,57,69,71,66,104,123,121,111,105]} 1. Nf3 {[%emt 0:00:
25]} Nf6 {[%emt 0:00:42]} 2. d4 {[%emt 0:00:21]} b5 {[%emt 0:01:47]} 3. Bg5 {
[%emt 0:05:00]} Bb7 {[%emt 0:00:17]} 4. Nbd2 {[%emt 0:04:18]} a6 {[%emt 0:00:
33]} 5. e3 {[%emt 0:02:25]} e6 {[%emt 0:00:40]} 6. Bd3 {[%emt 0:00:59]} c5 {
[%emt 0:03:53]} 7. c3 {[%emt 0:00:03]} d6 {[%emt 0:03:54]} 8. a4 {[%emt 0:02:
18]} b4 {[%emt 0:00:27]} 9. cxb4 {[%emt 0:01:20]} cxb4 {[%emt 0:00:33]} 10. O-O
{[%emt 0:02:05]} Nbd7 {[%emt 0:12:07]} 11. a5 {[%emt 0:04:04]} Be7 {[%emt 0:06:
23]} 12. Qa4 {[%emt 0:02:29]} d5 {[%emt 0:02:40]} 13. Ne5 {[%emt 0:02:58]} O-O
{[%emt 0:03:07]} 14. Bxf6 {[%emt 0:03:20]} Nxf6 {[%emt 0:01:11]} 15. Nc6 {
[%emt 0:02:47]} Qd6 {[%emt 0:01:56]} 16. Nxe7+ {[%emt 0:01:20]} Qxe7 17. Nb3 {
[%emt 0:01:43]} Nd7 {[%emt 0:05:08]} 18. Rfc1 {[%emt 0:07:13]} Rfc8 {[%emt 0:
08:50]} 19. Rxc8+ {[%emt 0:07:58]} Rxc8 {[%emt 0:02:27]} 20. Rc1 {[%emt 0:00:
09]} Rxc1+ {[%emt 0:01:12]} 21. Nxc1 {[%emt 0:00:04]} Kf8 {[%emt 0:01:47]} 22.
Na2 {[%emt 0:00:21]} Nb8 {[%emt 0:03:24]} 23. Qxb4 {[%emt 0:00:50]} Nc6 {
[%emt 0:00:43]} 24. Qb6 {[%emt 0:00:45]} g6 {[%emt 0:04:45]} 25. Bxa6 {[%emt 0:
01:57]} Bxa6 {[%emt 0:00:27]} 26. Qxc6 {[%emt 0:05:25]} Bc4 {[%emt 0:00:56]}
27. Nc3 {[%emt 0:00:13]} Kg7 {[%emt 0:03:55]} 28. h3 {[%emt 0:02:34]} h5 {
[%emt 0:06:45]} 29. Qb6 {[%emt 0:01:20]} e5 {[%emt 0:06:54]} 30. dxe5 {[%emt 0:
00:18]} Qd7 {[%emt 0:01:59]} 31. a6 1-0

[Event "Sparkassen-Open A"]
[Site "Heusenstamm, Martinsee"]
[Date "2021.11.19"]
[Round "2.9"]
[White "Baltic, Fatih"]
[Black "Papadopoulos, Ioannis"]
[Result "1/2-1/2"]
[WhiteElo "2303"]
[BlackElo "2005"]
[PlyCount "80"]
[EventDate "2021.??.??"]
[WhiteTeam "SV Mülheim-Nord"]
[BlackTeam "SV Oberursel"]

{[%evp 0,11,17,17,17,1,6,-6,13,18,14,9,1,-2]} 1. Nf3 {[%emt 0:06:26]} Nf6 {
[%emt 0:00:08]} 2. g3 {[%emt 0:00:42]} d5 3. Bg2 e6 {[%emt 0:00:03]} 4. O-O {
[%emt 0:00:08]} Be7 5. d3 {[%emt 0:00:10]} O-O {[%emt 0:00:08]} 6. Nbd2 {
[%emt 0:00:04]} c5 {[%emt 0:00:11]} 7. e4 {[%emt 0:00:08]} Nc6 {[%emt 0:00:18]}
8. e5 {[%emt 0:00:57]} Nd7 {[%emt 0:00:36]} 9. Re1 b5 {[%emt 0:01:01]} 10. Nf1
{[%emt 0:00:17]} a5 {[%emt 0:00:14]} 11. h4 {[%emt 0:00:03]} Ba6 {[%emt 0:02:
02]} 12. h5 {[%emt 0:00:50]} h6 {[%emt 0:01:46]} 13. N1h2 {[%emt 0:08:01]} Re8
{[%emt 0:10:46]} 14. Bf4 {[%emt 0:03:57]} b4 {[%emt 0:02:07]} 15. Qd2 {[%emt 0:
08:19]} Kh7 {[%emt 0:18:08]} 16. g4 {[%emt 0:04:43]} f6 {[%emt 0:08:07]} 17.
exf6 {[%emt 0:06:56]} Bxf6 {[%emt 0:00:06]} 18. g5 {[%emt 0:01:11]} Bxb2 {
[%emt 0:11:27]} 19. Ng4 {[%emt 0:11:07]} Bxa1 {[%emt 0:08:51]} 20. Rxa1 {
[%emt 0:05:36]} Nd4 {[%emt 0:06:42]} 21. Nxd4 {[%emt 0:15:55]} cxd4 {[%emt 0:
00:07]} 22. g6+ {[%emt 0:00:27]} Kg8 {[%emt 0:00:33]} 23. Bxh6 {[%emt 0:00:30]}
gxh6 {[%emt 0:07:25]} 24. Nxh6+ {[%emt 0:01:17]} Kf8 {[%emt 0:00:47]} 25. Re1 {
[%emt 0:19:30]} Qf6 {[%emt 0:04:52]} 26. Ng4 {[%emt 0:00:51]} Qf5 {[%emt 0:02:
29]} 27. Qh6+ {[%emt 0:03:21]} Ke7 {[%emt 0:00:37]} 28. Qh7+ {[%emt 0:00:28]}
Kd6 {[%emt 0:01:08]} 29. Nh6 {[%emt 0:00:28]} Qf4 {[%emt 0:02:16]} 30. g7 Nf6 {
[%emt 0:02:05]} 31. Qg6 {[%emt 0:00:33]} Kc5 {[%emt 0:02:20]} 32. Bh3 {[%emt 0:
01:45]} Qd2 {[%emt 0:02:21]} 33. Rxe6 {[%emt 0:01:16]} Rxe6 {[%emt 0:00:30]}
34. Bxe6 {[%emt 0:00:42]} Qe1+ {[%emt 0:00:08]} 35. Kh2 Qxe6 {[%emt 0:01:19]}
36. g8=Q {[%emt 0:00:12]} Rxg8 {[%emt 0:00:23]} 37. Nxg8 {[%emt 0:00:47]} Qe5+
38. Kg2 {[%emt 0:00:20]} Qxh5 {[%emt 0:01:19]} 39. Qxf6 {[%emt 0:00:10]} Qg4+ {
[%emt 0:00:06]} 40. Kf1 {[%emt 0:00:48]} Qd1+ {[%emt 0:04:05]} 1/2-1/2

[Event "Sparkassen-Open A"]
[Site "Heusenstamm, Martinsee"]
[Date "2021.11.19"]
[Round "2.10"]
[White "Schmidbauer, Frank"]
[Black "Solonar, Stefan"]
[Result "0-1"]
[WhiteElo "2044"]
[BlackElo "2298"]
[PlyCount "94"]
[EventDate "2021.??.??"]
[WhiteTeam "SV Wollishofen Zuerich"]
[BlackTeam "SC Heusenstamm"]

{[%evp 0,11,17,17,17,6,6,-3,17,-17,14,17,19,41]} 1. Nf3 {[%emt 0:01:03]} Nf6 2.
g3 {[%emt 0:00:17]} c5 {[%emt 0:01:43]} 3. Bg2 Nc6 {[%emt 0:00:21]} 4. O-O e5 {
[%emt 0:00:09]} 5. c4 {[%emt 0:01:35]} d5 {[%emt 0:00:08]} 6. cxd5 {[%emt 0:07:
28]} Nxd5 {[%emt 0:01:13]} 7. Nc3 Nc7 {[%emt 0:00:09]} 8. a3 {[%emt 0:00:47]}
f6 {[%emt 0:01:13]} 9. d3 {[%emt 0:03:03]} Be6 {[%emt 0:00:35]} 10. Rb1 {
[%emt 0:05:09]} Qd7 {[%emt 0:01:00]} 11. Qa4 {[%emt 0:09:51]} Rb8 {[%emt 0:06:
16]} 12. Bd2 {[%emt 0:05:02]} Be7 {[%emt 0:05:07]} 13. Rfc1 {[%emt 0:05:01]}
O-O {[%emt 0:03:38]} 14. Ne4 {[%emt 0:04:48]} b5 {[%emt 0:08:54]} 15. Qc2 {
[%emt 0:03:35]} Na6 {[%emt 0:00:43]} 16. b4 {[%emt 0:03:06]} c4 {[%emt 0:11:11]
} 17. dxc4 {[%emt 0:04:22]} Bxc4 {[%emt 0:01:43]} 18. Be3 {[%emt 0:03:04]} Rfc8
{[%emt 0:05:01]} 19. Rd1 {[%emt 0:02:17]} Qe6 {[%emt 0:01:43]} 20. Nc3 {
[%emt 0:00:58]} Nc7 {[%emt 0:07:11]} 21. Qb2 {[%emt 0:16:58]} a5 {[%emt 0:04:
03]} 22. bxa5 {[%emt 0:06:36]} Nxa5 {[%emt 0:01:52]} 23. Nd2 {[%emt 0:00:35]}
f5 {[%emt 0:07:41]} 24. Ba7 {[%emt 0:00:56]} e4 {[%emt 0:05:55]} 25. Bxb8 {
[%emt 0:00:27]} Rxb8 {[%emt 0:01:10]} 26. Qc1 {[%emt 0:02:33]} Rc8 {[%emt 0:04:
15]} 27. Bh3 {[%emt 0:06:36]} e3 {[%emt 0:07:17]} 28. Nf3 {[%emt 0:02:33]}
exf2+ {[%emt 0:00:43]} 29. Kxf2 {[%emt 0:00:35]} Nb3 {[%emt 0:02:21]} 30. Qf4 {
[%emt 0:00:45]} Qb6+ {[%emt 0:05:34]} 31. Kf1 {[%emt 0:01:00]} Ne6 {[%emt 0:02:
06]} 32. Qxf5 {[%emt 0:02:03]} Rf8 {[%emt 0:00:21]} 33. Qg4 {[%emt 0:00:22]}
Qe3 {[%emt 0:01:01]} 34. Bg2 {[%emt 0:00:42]} Qxc3 {[%emt 0:00:44]} 35. Rd7 {
[%emt 0:00:31]} Nd2+ {[%emt 0:01:25]} 36. Kg1 {[%emt 0:00:14]} Bc5+ {[%emt 0:
00:12]} 37. Kh1 {[%emt 0:00:25]} Nxb1 {[%emt 0:00:10]} 38. h4 {[%emt 0:00:40]}
Qf6 {[%emt 0:02:47]} 39. Qe4 {[%emt 0:00:37]} Nc3 40. Qc6 {[%emt 0:00:22]} Nxe2
{[%emt 0:00:33]} 41. Ng5 {[%emt 0:00:30]} Qf2 {[%emt 0:02:10]} 42. Nh3 {
[%emt 0:00:20]} Qe1+ {[%emt 0:03:15]} 43. Kh2 {[%emt 0:01:41]} Qxg3+ {[%emt 0:
00:44]} 44. Kh1 {[%emt 0:00:19]} Qe1+ {[%emt 0:01:20]} 45. Kh2 {[%emt 0:00:15]}
Bg1+ {[%emt 0:00:09]} 46. Nxg1 {[%emt 0:00:26]} Qxg1+ {[%emt 0:00:05]} 47. Kh3
{[%emt 0:00:16]} N6f4+ {[%emt 0:00:12]} 0-1

[Event "Sparkassen-Open A"]
[Site "Heusenstamm, Martinsee"]
[Date "2021.11.19"]
[Round "2.11"]
[White "Schulze, Lara"]
[Black "Bashylina, Luisa"]
[Result "1-0"]
[WhiteElo "2294"]
[BlackElo "1916"]
[PlyCount "81"]
[EventDate "2021.??.??"]
[WhiteTeam "SV Werder Bremen"]
[BlackTeam "SG Solingen"]

{[%evp 0,24,17,21,45,45,79,64,64,35,28,37,50,46,27,30,46,34,27,-1,-5,0,0,22,0,
0,0]} 1. e4 {[%emt 0:00:40]} c5 2. Nf3 d6 3. d4 {[%emt 0:00:03]} cxd4 4. Nxd4
Nf6 {[%emt 0:00:03]} 5. Nc3 a6 {[%emt 0:00:06]} 6. Be3 {[%emt 0:00:34]} e5 {
[%emt 0:00:07]} 7. Nf3 Be7 {[%emt 0:00:08]} 8. Bc4 {[%emt 0:01:05]} Be6 {
[%emt 0:00:36]} 9. Bxe6 {[%emt 0:02:22]} fxe6 {[%emt 0:00:08]} 10. Ng5 Qd7 {
[%emt 0:00:31]} 11. Qf3 {[%emt 0:00:24]} h6 {[%emt 0:04:05]} 12. Qh3 {[%emt 0:
03:33]} Nc6 {[%emt 0:02:27]} 13. O-O-O {[%emt 0:08:53]} b5 {[%emt 0:06:16]} 14.
f4 {[%emt 0:13:26]} exf4 {[%emt 0:11:36]} 15. Bxf4 {[%emt 0:17:24]} e5 {
[%emt 0:03:19]} 16. Be3 {[%emt 0:01:40]} Qxh3 {[%emt 0:01:33]} 17. Nxh3 {
[%emt 0:00:40]} O-O {[%emt 0:01:18]} 18. Nf2 {[%emt 0:04:16]} Rac8 {[%emt 0:06:
03]} 19. Nd5 {[%emt 0:07:09]} Nxd5 {[%emt 0:04:10]} 20. exd5 {[%emt 0:00:11]}
Na5 {[%emt 0:14:30]} 21. Ne4 {[%emt 0:06:01]} Nc4 {[%emt 0:03:01]} 22. Rhe1 {
[%emt 0:01:40]} Rc7 {[%emt 0:03:01]} 23. Bg1 {[%emt 0:04:52]} b4 {[%emt 0:03:
53]} 24. Rd3 {[%emt 0:04:02]} Rfc8 {[%emt 0:04:36]} 25. c3 {[%emt 0:03:11]}
bxc3 {[%emt 0:01:26]} 26. Rxc3 {[%emt 0:00:58]} Na3 {[%emt 0:02:14]} 27. Kd2 {
[%emt 0:05:28]} Nc4+ {[%emt 0:01:45]} 28. Kc2 {[%emt 0:02:48]} Rb8 {[%emt 0:14:
41]} 29. b3 {[%emt 0:02:43]} Na3+ {[%emt 0:00:10]} 30. Kd3 {[%emt 0:00:58]} Nb5
{[%emt 0:02:45]} 31. Rxc7 {[%emt 0:01:17]} Nxc7 {[%emt 0:00:43]} 32. Nc3 {
[%emt 0:00:07]} Rb4 {[%emt 0:02:54]} 33. Re4 {[%emt 0:04:00]} a5 {[%emt 0:01:
00]} 34. Rc4 {[%emt 0:00:46]} Bd8 {[%emt 0:01:27]} 35. Rc6 {[%emt 0:01:05]} e4+
{[%emt 0:01:53]} 36. Ke2 {[%emt 0:03:03]} Kh7 {[%emt 0:03:04]} 37. Bb6 {
[%emt 0:01:28]} Rxb6 {[%emt 0:01:57]} 38. Rxb6 {[%emt 0:00:29]} Bf6 {[%emt 0:
00:07]} 39. Rc6 {[%emt 0:01:04]} Bxc3 {[%emt 0:00:30]} 40. Rxc7 {[%emt 0:00:31]
} Kg6 {[%emt 0:00:32]} 41. Rxc3 {[%emt 0:00:04]} 1-0

[Event "Sparkassen-Open A"]
[Site "Heusenstamm, Martinsee"]
[Date "2021.11.19"]
[Round "2.12"]
[White "Hirneise, Jens"]
[Black "Küpper, Martin"]
[Result "1-0"]
[WhiteElo "2284"]
[BlackElo "2013"]
[PlyCount "81"]
[EventDate "2021.??.??"]
[WhiteTeam "SC Böblingen"]
[BlackTeam "SC Fulda"]

{[%evp 0,23,17,21,101,83,102,87,94,29,46,53,86,57,110,121,138,101,112,96,103,
83,114,86,76,84]} 1. e4 {[%emt 0:02:05]} g6 2. d4 Bg7 3. Nc3 c6 {[%emt 0:00:14]
} 4. f4 {[%emt 0:00:42]} Qb6 {[%emt 0:00:46]} 5. Nf3 {[%emt 0:00:19]} d6 {
[%emt 0:00:03]} 6. h3 {[%emt 0:01:08]} Nh6 {[%emt 0:10:57]} 7. g4 {[%emt 0:09:
09]} f6 {[%emt 0:23:09]} 8. a3 {[%emt 0:07:40]} Nf7 {[%emt 0:05:10]} 9. Be3 {
[%emt 0:05:11]} e5 {[%emt 0:04:57]} 10. f5 {[%emt 0:07:35]} d5 {[%emt 0:17:05]}
11. exd5 {[%emt 0:02:50]} gxf5 {[%emt 0:00:40]} 12. gxf5 {[%emt 0:02:46]} Bxf5
{[%emt 0:05:40]} 13. Nh4 {[%emt 0:07:22]} Bg6 {[%emt 0:01:37]} 14. Nxg6 {
[%emt 0:12:00]} hxg6 {[%emt 0:00:12]} 15. Qd3 {[%emt 0:01:01]} Bh6 {[%emt 0:04:
45]} 16. O-O-O {[%emt 0:06:31]} Qxd4 {[%emt 0:07:21]} 17. Qxd4 {[%emt 0:09:15]}
exd4 {[%emt 0:00:44]} 18. Bxh6 {[%emt 0:00:16]} dxc3 {[%emt 0:01:04]} 19. Bg7 {
[%emt 0:01:12]} cxb2+ {[%emt 0:00:36]} 20. Kxb2 {[%emt 0:00:50]} Rh5 {[%emt 0:
01:22]} 21. Bg2 {[%emt 0:04:08]} Nd7 {[%emt 0:06:13]} 22. Rhe1+ {[%emt 0:10:32]
} Re5 {[%emt 0:00:34]} 23. dxc6 {[%emt 0:01:09]} bxc6 {[%emt 0:00:36]} 24. Bxc6
{[%emt 0:00:53]} O-O-O {[%emt 0:00:42]} 25. Bxd7+ {[%emt 0:00:40]} Rxd7 {
[%emt 0:00:11]} 26. Bxf6 {[%emt 0:00:30]} Rb7+ {[%emt 0:00:55]} 27. Kc1 {
[%emt 0:00:35]} Rxe1 {[%emt 0:01:58]} 28. Rxe1 {[%emt 0:00:04]} Nd6 {[%emt 0:
00:11]} 29. Rg1 {[%emt 0:00:57]} Nc4 {[%emt 0:00:26]} 30. Rxg6 {[%emt 0:00:57]}
Rf7 {[%emt 0:00:36]} 31. h4 {[%emt 0:06:01]} Kd7 {[%emt 0:00:35]} 32. h5 {
[%emt 0:00:09]} Ke6 {[%emt 0:00:08]} 33. Bg7+ {[%emt 0:00:58]} Kf5 34. Rg1 {
[%emt 0:00:21]} Nxa3 {[%emt 0:00:43]} 35. h6 {[%emt 0:01:04]} Rb7 {[%emt 0:00:
05]} 36. h7 {[%emt 0:00:40]} Rb1+ {[%emt 0:00:08]} 37. Kd2 {[%emt 0:00:09]}
Rxg1 38. h8=Q Rg2+ {[%emt 0:00:05]} 39. Kd3 {[%emt 0:01:12]} Rxc2 {[%emt 0:01:
17]} 40. Qf8+ Kg6 {[%emt 0:00:05]} 41. Qxa3 {[%emt 0:00:37]} 1-0

[Event "Sparkassen-Open A"]
[Site "Heusenstamm, Martinsee"]
[Date "2021.11.19"]
[Round "2.13"]
[White "Von Auer, Ulrich"]
[Black "Deuer, Marius"]
[Result "0-1"]
[WhiteElo "2033"]
[BlackElo "2282"]
[PlyCount "86"]
[EventDate "2021.??.??"]
[WhiteTeam "SF Frankfurt"]
[BlackTeam "TG Biberach"]

{[%evp 0,24,17,17,17,6,14,-24,10,8,6,-8,-11,0,0,-2,37,19,9,10,4,-6,13,15,7,-2,
4]} 1. d4 {[%emt 0:00:37]} Nf6 {[%emt 0:00:07]} 2. c4 e6 3. g3 Bb4+ 4. Bd2 {
[%emt 0:00:07]} Be7 {[%emt 0:00:13]} 5. Bg2 {[%emt 0:00:20]} d5 {[%emt 0:00:23]
} 6. Nf3 {[%emt 0:00:07]} O-O {[%emt 0:00:11]} 7. O-O {[%emt 0:00:44]} c6 8.
Qc2 Nbd7 {[%emt 0:00:09]} 9. Bf4 {[%emt 0:00:46]} b6 {[%emt 0:00:48]} 10. Rd1 {
[%emt 0:00:42]} Ba6 {[%emt 0:00:14]} 11. cxd5 {[%emt 0:04:22]} cxd5 {[%emt 0:
00:12]} 12. Nc3 {[%emt 0:00:18]} b5 {[%emt 0:02:18]} 13. a3 {[%emt 0:21:29]}
Rc8 {[%emt 0:06:11]} 14. Qb3 {[%emt 0:02:39]} Qb6 {[%emt 0:01:09]} 15. Ne5 {
[%emt 0:02:00]} Nxe5 {[%emt 0:07:07]} 16. Bxe5 {[%emt 0:08:51]} Nd7 {[%emt 0:
00:56]} 17. Bf4 {[%emt 0:02:50]} Bf6 {[%emt 0:02:40]} 18. Qb4 {[%emt 0:05:37]}
Rc4 {[%emt 0:20:41]} 19. Qd6 {[%emt 0:05:33]} Bxd4 {[%emt 0:04:50]} 20. Qxd7 {
[%emt 0:05:47]} Rd8 {[%emt 0:00:31]} 21. Nxd5 {[%emt 0:04:43]} exd5 {[%emt 0:
03:16]} 22. Qf5 {[%emt 0:01:13]} Bc8 {[%emt 0:02:43]} 23. Qd3 {[%emt 0:01:33]}
Bxf2+ {[%emt 0:03:20]} 24. Kh1 {[%emt 0:00:35]} Bd4 {[%emt 0:01:25]} 25. Rd2 {
[%emt 0:10:26]} Bf6 {[%emt 0:01:59]} 26. Rf1 {[%emt 0:03:57]} h6 {[%emt 0:10:
01]} 27. Qf3 {[%emt 0:01:01]} Be6 {[%emt 0:03:41]} 28. Bxh6 {[%emt 0:02:50]}
Bg4 {[%emt 0:01:26]} 29. Qe3 {[%emt 0:06:54]} d4 {[%emt 0:10:39]} 30. Qf2 {
[%emt 0:01:06]} Qe6 {[%emt 0:01:41]} 31. h4 {[%emt 0:02:10]} Bxh4 {[%emt 0:02:
57]} 32. gxh4 {[%emt 0:03:14]} gxh6 {[%emt 0:00:28]} 33. Qg3 {[%emt 0:01:14]}
Kh7 {[%emt 0:01:26]} 34. Rf4 {[%emt 0:00:13]} f5 {[%emt 0:00:06]} 35. Qd3 {
[%emt 0:00:50]} h5 {[%emt 0:03:22]} 36. b3 {[%emt 0:00:24]} Rc1+ {[%emt 0:02:
10]} 37. Rf1 {[%emt 0:01:01]} Rxf1+ {[%emt 0:01:19]} 38. Bxf1 {[%emt 0:00:34]}
Qe7 {[%emt 0:02:41]} 39. Qg3 {[%emt 0:01:09]} f4 {[%emt 0:04:53]} 40. Qf2 {
[%emt 0:01:31]} Qe3 {[%emt 0:00:59]} 41. Qxe3 {[%emt 0:01:59]} fxe3 {[%emt 0:
01:04]} 42. Rc2 {[%emt 0:00:46]} Re8 {[%emt 0:10:26]} 43. Kh2 {[%emt 0:06:11]}
d3 {[%emt 0:01:52]} 0-1